[Event "Pfaeffikon Acrevis op 2nd"]
[Site "Pfaeffikon"]
[Date "2022.07.29"]
[Round "2"]
[White "Scheeff, Volker"]
[Black "Walter, Gerhard"]
[Result "1-0"]
[WhiteElo "2092"]
[BlackElo "1862"]
[PlyCount "133"]
[EventDate "2022.07.28"]
[EventType "swiss"]
[EventRounds "6"]
[EventCountry "SUI"]
[SourceTitle "EXT 2023"]
[Source "ChessBase"]
[SourceDate "2022.10.05"]
[SourceVersion "1"]
[SourceVersionDate "2022.10.05"]
[SourceQuality "1"]

1. e4 e5 2. Nf3 Nc6 3. Bb5 a6 4. Ba4 Nf6 5. 0-0 Nxe4 6. d4 b5 7. Bb3 d5 8. dxe5 Be6 9. Qe2 Be7 10. Rd1 0-0 11. Be3 Bc5 12. c4 bxc4 13. Bxc4 Bxe3 14. Qxe3 Qb8 15. Bb3 Na5 16. Nbd2 Qa7 17. Qxa7 Rxa7 18. Rac1 Nxd2 19. Rxd2 Nxb3 20. axb3 Rc8 21. Rc5 c6 22. Nd4 Bd7 23. Rdc2 Kf8 24. f4 Rb7 25. Kf2 Rb4 26. Ke3 Ke7 27. R2c3 g6 28. Ra5 Rb6 29. Rac5 Rb4 30. g4 h5 31. gxh5 gxh5 32. f5 Rb6 33. Kd2 Rcb8 34. Rh3 Rh8 35. Kc3 Rh6 36. Rh4 Be8 37. f6+ Kd8 38. Nf5 Rh8 39. Ng7 Bd7 40. Rxh5 Rxh5 41. Nxh5 Kc7 42. Nf4 Rb8 43. Nxd5+ Kb7 44. Nf4 Rh8 45. e6 Bxe6 46. Rh5 Rf8 47. Re5 Kc7 48. Rxe6 Rh8 49. Re7+ Kd6 50. Rxf7 Rxh2 51. Ra7 Rf2 52. Nd3 Rxf6 53. Rxa6 Kc7 54. b4 Rf5 55. Ra5 Rf3 56. Rh5 Rg3 57. Rh7+ Kb6 58. Rh6 Kc7 59. Rh4 Kb6 60. Kc4 Rg5 61. Rf4 Rh5 62. Ne1 Rh1 63. Re4 Rh2 64. b3 Rh5 65. Nc2 Rh6 66. Nd4 Rg6 67. Re6 1-0

[Event "Kaltern Trophy-A 2nd"]
[Site "Kaltern"]
[Date "2017.10.29"]
[Round "5"]
[White "Nemetz, Markus"]
[Black "Walter, Gerhard"]
[Result "1-0"]
[WhiteElo "1951"]
[BlackElo "2086"]
[PlyCount "76"]
[EventDate "2017.10.27"]
[EventType "swiss"]
[EventRounds "5"]
[EventCountry "ITA"]
[SourceTitle "CBM 181 Extra"]
[Source "ChessBase"]
[SourceDate "2017.12.12"]
[SourceVersion "1"]
[SourceVersionDate "2017.12.12"]
[SourceQuality "1"]

1. d4 Nf6 2. c4 g6 3. Nc3 d5 4. Nf3 Bg7 5. h4 c6 6. Bg5 Ne4 7. Bf4 Nxc3 8. bxc3 h5 9. e3 0-0 10. Qb3 e6 11. Be2 Nd7 12. g4 hxg4 13. Ng5 Nf6 14. Qc2 Re8 15. h5 Nxh5 16. Rxh5 gxh5 17. Qh7+ Kf8 18. Qxh5 Re7 19. Nh7+ Ke8 20. Bg5 Kd7 21. Bxe7 Qxe7 22. Qxg4 f5 23. Qg3 Bxd4 24. cxd4 Qxh7 25. 0-0-0 b6 26. cxd5 exd5 27. Bd3 Bb7 28. Qe5 Rf8 29. Rg1 Rf7 30. Rg5 Qh1+ 31. Kd2 c5 32. Bxf5+ Rxf5 33. Qxf5+ Kc6 34. a4 cxd4 35. Qc2+ Kd6 36. Rg6+ Kd7 37. Qf5+ Kc7 38. Qe5+ Kd8 1-0